Southville International School and Colleges
Your cart is empty.
  • Cart
  • Lists
    Public lists Eva Luna New books Lux_list list_1
    Your lists Log in to create your own lists
  • Log in to your account
  • Your cookies
  • Search history
Southville International School and Colleges
  • Advanced search
  • Recent comments
  • Most popular
  • Libraries

Log in to your account

Log in with GOOGLE


If you do not have an external account, but do have a local account, you can still log in:

  1. Home
  2. MARC view: SRA open court reading (orange),L.1-B.2.
Normal view MARC view ISBD view

SRA open court reading (orange),L.1-B.2. (Record no. 105385)

[ view plain ]
MARC details
000 -LEADER
fixed length control field 01390nam a2200469 a 4500
005 - DATE AND TIME OF LATEST TRANSACTION
control field 20140412111354.0
008 - FIXED-LENGTH DATA ELEMENTS--GENERAL INFORMATION
fixed length control field 041006s19uu xx 00 eng d
020 ## - INTERNATIONAL STANDARD BOOK NUMBER
International Standard Book Number 0-02-830951-0
050 ## - LIBRARY OF CONGRESS CALL NUMBER
Classification number TR(GS 372.4
Item number B35 L.1-B-1 c1
050 ## - LIBRARY OF CONGRESS CALL NUMBER
Classification number TR(GS 372.4
Item number B35 L.1-B-1 c2
050 ## - LIBRARY OF CONGRESS CALL NUMBER
Classification number TR(GS 372.4
Item number B35 L.1-B-1 c3
050 ## - LIBRARY OF CONGRESS CALL NUMBER
Classification number TR(GS 372.4
Item number B35 L.1-B-1 c4
050 ## - LIBRARY OF CONGRESS CALL NUMBER
Classification number TR(GS 372.4
Item number B35 L.1-B-1 c5
050 ## - LIBRARY OF CONGRESS CALL NUMBER
Classification number TR(GS 372.4
Item number B35 L.1-B-1 c6
050 ## - LIBRARY OF CONGRESS CALL NUMBER
Classification number TR(GS 372.4
Item number B35 L.1-B-1 c7
050 ## - LIBRARY OF CONGRESS CALL NUMBER
Classification number TR(GS 372.4
Item number B35 L.1-B-1 c8
050 ## - LIBRARY OF CONGRESS CALL NUMBER
Classification number TR(GS 372.4
Item number B35 L.1-B-1 c9
050 ## - LIBRARY OF CONGRESS CALL NUMBER
Classification number TR(GS 372.4
Item number B35 L.1-B-1 c10
050 ## - LIBRARY OF CONGRESS CALL NUMBER
Classification number TR(GS 372.4
Item number B35 L.1-B-1 c11
050 ## - LIBRARY OF CONGRESS CALL NUMBER
Classification number TR(GS 372.4
Item number B35 L.1-B-1 c12
050 ## - LIBRARY OF CONGRESS CALL NUMBER
Classification number TR(GS 372.4
Item number B35 L.1-B-1 c13
245 ## - TITLE STATEMENT
Title SRA open court reading (orange),L.1-B.2.
260 ## - PUBLICATION, DISTRIBUTION, ETC. (IMPRINT)
Place of publication, distribution, etc Columbus, Ohio :
Name of publisher, distributor, etc SRA McGraw-Hill Comp,
Date of publication, distribution, etc 2000.
300 ## - PHYSICAL DESCRIPTION
Extent 323 p. ; ill.
440 ## - SERIES STATEMENT/ADDED ENTRY--TITLE
Title SRA open court reading, Orange
500 ## - GENERAL NOTE
General note Classroom Use Only (Grade 1).
520 ## - SUMMARY, ETC.
Summary, etc [1]. Keep trying. -- [2]. Being afraid. -- [3]. Homes.
650 ## - SUBJECT ADDED ENTRY--TOPICAL TERM
Topical term or geographic name as entry element Reading
General subdivision Study and teaching.
Holdings
Withdrawn status Lost status Damaged status Use restrictions Home library Current library Shelving location Date acquired Source of acquisition Total Checkouts Full call number Barcode Date last seen Price effective from Koha item type
        Elizalde Library Elizalde Library Teachers Reference Section 11/04/2005     TR(GS 372.4 B35 L.1-B-1 c1 E9969 04/12/2014 04/12/2014 Books
        Elizalde Library Elizalde Library Teachers Reference Section 11/04/2005     TR(GS 372.4 B35 L.1-B-1 c2 E9970 04/12/2014 04/12/2014 Books
        Elizalde Library Elizalde Library Teachers Reference Section 11/04/2005     TR(GS 372.4 B35 L.1-B-1 c3 E9971 04/12/2014 04/12/2014 Books
        Elizalde Library Elizalde Library Teachers Reference Section 11/04/2005     TR(GS 372.4 B35 L.1-B-1 c4 E9972 04/12/2014 04/12/2014 Books
        Elizalde Library Elizalde Library Teachers Reference Section 11/04/2005     TR(GS 372.4 B35 L.1-B-1 c5 E9973 04/12/2014 04/12/2014 Books
        Elizalde Library Elizalde Library Teachers Reference Section 11/04/2005     TR(GS 372.4 B35 L.1-B-1 c6 E9974 04/12/2014 04/12/2014 Books
        Elizalde Library Elizalde Library Teachers Reference Section 11/04/2005     TR(GS 372.4 B35 L.1-B-1 c7 E9975 04/12/2014 04/12/2014 Books
        Elizalde Library Elizalde Library Teachers Reference Section 11/04/2005     TR(GS 372.4 B35 L.1-B-1 c8 E9976 04/12/2014 04/12/2014 Books
        Elizalde Library Elizalde Library Teachers Reference Section 11/04/2005     TR(GS 372.4 B35 L.1-B-1 c9 E9977 04/12/2014 04/12/2014 Books
        Elizalde Library Elizalde Library Teachers Reference Section 11/04/2005     TR(GS 372.4 B35 L.1-B-1 c10 E9978 04/12/2014 04/12/2014 Books
        Elizalde Library Elizalde Library Teachers Reference Section 11/04/2005     TR(GS 372.4 B35 L.1-B-1 c11 E9979 04/12/2014 04/12/2014 Books
        Elizalde Library Elizalde Library Teachers Reference Section 11/04/2005     TR(GS 372.4 B35 L.1-B-1 c12 E9980 04/12/2014 04/12/2014 Books
        Elizalde Library Elizalde Library Teachers Reference Section 11/04/2005     TR(GS 372.4 B35 L.1-B-1 c13 E9981 04/12/2014 04/12/2014 Books

SRA open court reading (orange),L.1-B.2.

APA

(2000). SRA open court reading (orange),L.1-B.2. Columbus, Ohio: SRA McGraw-Hill Comp.

Chicago

2000. SRA open court reading (orange),L.1-B.2. Columbus, Ohio: SRA McGraw-Hill Comp.

Harvard

(2000). SRA open court reading (orange),L.1-B.2. Columbus, Ohio: SRA McGraw-Hill Comp.

MLA

SRA open court reading (orange),L.1-B.2. Columbus, Ohio: SRA McGraw-Hill Comp. 2000.

  • Place hold
  • Print
  • Cite
  • Add to your cart (remove)
  • Save record
    BIBTEX Dublin Core MARCXML MARC (non-Unicode/MARC-8) MARC (Unicode/UTF-8) MARC (Unicode/UTF-8, Standard) MODS (XML) RIS
  • More searches
    Search for this title in:
    Other Libraries (WorldCat) Other Databases (Google Scholar) Online Stores (Bookfinder.com) Open Library (openlibrary.org)

Exporting to Dublin Core...

SOUTHVILLE LIBRARY

Southville International School and Colleges Library

1281 Tropical Ave. Cor. Luxembourg St., BF Homes International, Las Pinas City

Tel. No. 8256374 / 252358 Loc. 117/146

Powered by Koha